<?xml version="1.0" encoding="UTF-8"?>
<record
    xmlns:xsi="http://www.w3.org/2001/XMLSchema-instance"
    xsi:schemaLocation="http://www.loc.gov/MARC21/slim http://www.loc.gov/standards/marcxml/schema/MARC21slim.xsd"
    xmlns="http://www.loc.gov/MARC21/slim">

  <leader>01280nam a22002177a 4500</leader>
  <controlfield tag="003">OSt</controlfield>
  <controlfield tag="005">20230316171326.0</controlfield>
  <controlfield tag="008">230316b           ||||| |||| 00| 0 eng d</controlfield>
  <datafield tag="020" ind1=" " ind2=" ">
    <subfield code="a">9589446167</subfield>
  </datafield>
  <datafield tag="040" ind1=" " ind2=" ">
    <subfield code="c">CO-MqBPB</subfield>
  </datafield>
  <datafield tag="082" ind1=" " ind2=" ">
    <subfield code="a">615.9</subfield>
    <subfield code="b">C67</subfield>
  </datafield>
  <datafield tag="245" ind1=" " ind2=" ">
    <subfield code="a">Toxicolog&#xED;a/</subfield>
    <subfield code="c">Dar&#xED;o C&#xF3;rdoba.</subfield>
  </datafield>
  <datafield tag="260" ind1=" " ind2=" ">
    <subfield code="a">Bogot&#xE1;; </subfield>
    <subfield code="b">El manual Moderno</subfield>
    <subfield code="c">2006</subfield>
  </datafield>
  <datafield tag="300" ind1=" " ind2=" ">
    <subfield code="a">1020 paginas;</subfield>
    <subfield code="b">Tapa R&#xFA;stica,</subfield>
    <subfield code="c">27 cm</subfield>
  </datafield>
  <datafield tag="490" ind1=" " ind2=" ">
    <subfield code="a">5a.ed</subfield>
  </datafield>
  <datafield tag="500" ind1=" " ind2=" ">
    <subfield code="a">Este texto se ha convertido en un cl&#xE1;sico desde 1986. En &#xE9;sta, su quinta edici&#xF3;n, se incluyen cap&#xED;tulos con temas novedosos y sobre todo con temas que son de inter&#xE9;s en nuestro medio, que se han hecho necesarios para completar el panorama que frecuentemente toca atender al especialista. Aunque el libro est&#xE1; dirigido a profesionales y estudiantes de &#xE1;rea Biol&#xF3;gica, medicina, enfermer&#xED;a, veterinaria, etc., el lenguaje que se utiliza es claro y sencillo, con el fin de hacerlo comprensible a los estudiantes de &#xE1;reas diferentes como Ingenier&#xED;a agron&#xF3;mica, jefes de seguridad de empresas, a quienes algunos t&#xE9;rminos com&#xFA;nmente utilizados por los toxic&#xF3;logos pueden resultar confusos. </subfield>
  </datafield>
  <datafield tag="651" ind1=" " ind2=" ">
    <subfield code="a">Toxicolog&#xED;a;</subfield>
    <subfield code="x">plaguicidas.</subfield>
  </datafield>
  <datafield tag="651" ind1=" " ind2=" ">
    <subfield code="a">Toxicolog&#xED;a;</subfield>
    <subfield code="x">Metales.</subfield>
  </datafield>
  <datafield tag="651" ind1=" " ind2=" ">
    <subfield code="a">Toxicolog&#xED;a;</subfield>
    <subfield code="x">Plantas venenosas.</subfield>
  </datafield>
  <datafield tag="942" ind1=" " ind2=" ">
    <subfield code="2">ddc</subfield>
    <subfield code="c">BK</subfield>
  </datafield>
  <datafield tag="999" ind1=" " ind2=" ">
    <subfield code="c">14840</subfield>
    <subfield code="d">14840</subfield>
  </datafield>
  <datafield tag="952" ind1=" " ind2=" ">
    <subfield code="0">0</subfield>
    <subfield code="1">0</subfield>
    <subfield code="2">ddc</subfield>
    <subfield code="4">0</subfield>
    <subfield code="5">1</subfield>
    <subfield code="7">0</subfield>
    <subfield code="8">GEN</subfield>
    <subfield code="a">BPMOS</subfield>
    <subfield code="b">BPMOS</subfield>
    <subfield code="c">GEN</subfield>
    <subfield code="d">2023-03-16</subfield>
    <subfield code="e">Donaci&#xF3;n</subfield>
    <subfield code="l">0</subfield>
    <subfield code="o">615.9 C67</subfield>
    <subfield code="p">MOS503062</subfield>
    <subfield code="r">2023-03-16</subfield>
    <subfield code="t">Ej. 1</subfield>
    <subfield code="w">2023-03-16</subfield>
    <subfield code="y">BK</subfield>
    <subfield code="z">Ocho d&#xED;as</subfield>
  </datafield>
</record>
